000 00700nam a22002177a 4500
003 OSt
005 20260616121447.0
008 260616b |||||||| |||| 00| 0 eng d
020 _a0-325-00529-X
040 _cChuka University Library
050 _aLB 1529
_b.C35 2003
100 _aCalkins Lucy
_927666
245 _aAuthors &Mentors
260 _aPortsmouth
_bFirsthand
_c2003
300 _a132
_bIllustrations
650 _aEnglish language -composition and exercise -study and teaching(primary)
_929386
650 _aAuthors-study and teaching (primary)- United States
_929387
650 _aCurriculum planning -United States
_926921
700 _aAmanda Hartman
_927959
942 _2lcc
_cBK
_n0
999 _c24376
_d24376